LDR 00772naa#a2200181#i#450# 001 EN\\bibl\118119 005 20260428121013.2 011 ## _a3033-8239 100 ## _a20260401b2026####ek#y0engy0150####ca 102 ## _aRU 200 1# _aPRO ET CONTRA DIGITALIZATION OF TRADE UNION ACTIVITIES (ON THE EXAMPLE OF THE KRASNODAR TERRITORY) _eJournal article 210 1# _aArmavir _cAutonomous Non-Commercial Organization Research Institute "Digital Philosophy - Digital Intelligence" _d2026 215 ## _a0 с. 608 ## _aJournal article _2local 675 ## _aНаука в целом. Науковедение. Организация умственного труда. 001 _z 700 #1 _aSivkov _gSergey Mikhailovich 700 #1 _aKryavtsov _gDmitry Alexandrovich 856 4# _aintellectualsovereignty.ru _u